[Event "Summer Tournament 2014 "]
[Site "SchemingMind.com"]
[Date "2014.07.16"]
[Round "-"]
[White "Scooter"]
[Black "fanfan_la_Tulipe"]
[Result "0-1"]
[WhiteCountry "USA"]
[BlackCountry "AUT"]
[WhiteElo "1759"]
[WhiteRD "45"]
[BlackElo "2038"]
[BlackRD "70"]
[GameID "361590"]

1. d4 Nf6 2. Nf3 g6 3. Bf4 Bg7 4. e3 O-O 5. Be2 d6 6. O-O Nbd7 7. Nbd2 c5 8. c3 Re8 9. h3 e5 10. dxe5 dxe5
11. Bg5 e4 12. Nh2 h6 13. Bxf6 Nxf6 14. Nc4 Be6 15. Nd6 Re7 16. Nc4 Qc7 17. Qc2 Nd7 18. Nd2 f5 19. Bc4 Ne5 20. Bxe6+ Rxe6
21. Rfd1 c4 22. Nhf1 Rd8 23. Ng3 Nd3 24. Ne2 b5 25. Nc1 f4 26. Nxd3 exd3 27. Qc1 fxe3 28. fxe3 Rxe3 29. Nxc4 Re2 30. Nd2 Qg3
0-1

[Event "Summer Tournament 2014 "]
[Site "SchemingMind.com"]
[Date "2014.07.16"]
[Round "-"]
[White "fanfan_la_Tulipe"]
[Black "Scooter"]
[Result "1-0"]
[WhiteCountry "AUT"]
[BlackCountry "USA"]
[WhiteElo "1992"]
[WhiteRD "72"]
[BlackElo "1774"]
[BlackRD "48"]
[GameID "361591"]

1. d4 Nf6 2. c4 g6 3. Nc3 Bg7 4. e4 d6 5. f3 O-O 6. Be3 e5 7. Nge2 Re8 8. Qd2 b6 9. d5 Ba6 10. Nc1 Nbd7
11. b4 Bb7 12. Nb3 c5 13. dxc6 Bxc6 14. Qxd6 Rc8 15. Be2 Re6 16. Qd2 Qe7 17. O-O Rd6 18. Qc2 Nb8 19. c5 bxc5 20. Bxc5
1-0

[Event "Summer Tournament 2014 "]
[Site "SchemingMind.com"]
[Date "2014.07.22"]
[Round "-"]
[White "Scooter"]
[Black "NYNH"]
[Result "0-1"]
[WhiteCountry "USA"]
[BlackCountry "USA"]
[WhiteElo "1759"]
[WhiteRD "45"]
[BlackElo "2057"]
[BlackRD "77"]
[GameID "361862"]

1. d4 Nf6 2. Nf3 c5 3. c3 g6 4. Bf4 Bg7 5. e3 d6 6. Be2 Nh5 7. O-O cxd4 8. cxd4 Nxf4 9. exf4 O-O 10. Nc3 Nc6
11. Bb5 Qb6 12. Bxc6 bxc6 13. b3 Bg4 14. h3 Bxf3 15. Qxf3 Bxd4 16. Na4 Qa6 17. Rad1 c5 18. Qd3 Qxd3 19. Rxd3 Rab8 20. Nc3 Rfc8
21. Ne2 Bg7 22. Rc1 Rb4 23. Re3 e6 24. a3 Rbb8 25. Rb1 c4 26. b4 d5 27. g4 d4
0-1

[Event "Summer Tournament 2014 "]
[Site "SchemingMind.com"]
[Date "2014.07.22"]
[Round "-"]
[White "NYNH"]
[Black "Scooter"]
[Result "1-0"]
[WhiteCountry "USA"]
[BlackCountry "USA"]
[WhiteElo "2057"]
[WhiteRD "77"]
[BlackElo "1759"]
[BlackRD "45"]
[GameID "361863"]

1. d4 Nf6 2. c4 g6 3. g3 Bg7 4. Bg2 O-O 5. Nc3 d6 6. Nf3 Bg4 7. h3 Bxf3 8. Bxf3 c6 9. O-O Nbd7 10. e4 e5
11. d5 cxd5 12. cxd5 a6 13. Kg2 Rc8 14. h4 b5 15. Rh1 Rc4 16. h5 Nc5 17. Qe2 Ncd7 18. hxg6 fxg6 19. Bg5 Qb6 20. Be3 Qa5
21. a4 Qb4 22. axb5 axb5 23. Ra6 Nc5 24. Rb6 Qa5 25. Rxb5 Qc7 26. Qxc4 Nfd7 27. Na4 Rc8 28. Nxc5 Nxc5 29. Bxc5 Qd7 30. Rc1
1-0

[Event "Summer Tournament 2014 "]
[Site "SchemingMind.com"]
[Date "2014.07.22"]
[Round "-"]
[White "NYNH"]
[Black "fanfan_la_Tulipe"]
[Result "1-0"]
[WhiteCountry "USA"]
[BlackCountry "AUT"]
[WhiteElo "2066"]
[WhiteRD "73"]
[BlackElo "2076"]
[BlackRD "73"]
[GameID "361864"]

1. d4 Nf6 2. c4 g6 3. g3 Bg7 4. Bg2 O-O 5. Nc3 d6 6. Nf3 Na6 7. O-O c5 8. d5 Nc7 9. e4 a6 10. a4 Rb8
11. a5 b5 12. axb6 Rxb6 13. Re1 Nd7 14. Qc2 Rb4 15. b3 e6 16. Rb1 exd5 17. Nxd5 Nxd5 18. cxd5 Re8 19. Nd2 Ne5 20. h3 Bb7
21. f4 Nd7 22. Nc4 Bd4+ 23. Kh2 Nb6 24. Bd2 Nxc4 25. Bxb4 Ne3 26. Qd3 cxb4 27. Qxd4 Nc2 28. Qd2 Nxe1 29. Rxe1 Qb6 30. e5 a5
31. e6 fxe6 32. dxe6 Bxg2 33. Kxg2 Qc6+ 34. Kh2 Qc3 35. Qe2 Qxb3 36. e7 Qf7 37. Qe4 d5 38. Qe5 a4 39. g4 b3 40. f5 a3
41. f6 b2 42. g5 h6 43. h4 hxg5 44. hxg5 d4 45. Qxd4 Qa2 46. Rb1 Qb3 47. Qe4 Kf7 48. Rd1 a2 49. Rd8 a1=Q 50. Rxe8 Kxe8
51. Qc6+
1-0

[Event "Summer Tournament 2014 "]
[Site "SchemingMind.com"]
[Date "2014.07.22"]
[Round "-"]
[White "fanfan_la_Tulipe"]
[Black "NYNH"]
[Result "1-0"]
[WhiteCountry "AUT"]
[BlackCountry "USA"]
[WhiteElo "2089"]
[WhiteRD "72"]
[BlackElo "2030"]
[BlackRD "73"]
[GameID "361865"]

1. d4 Nf6 2. c4 e6 3. Nc3 Bb4 4. e3 O-O 5. Ne2 c5 6. a3 cxd4 7. axb4 dxc3 8. Nxc3 d6 9. Be2 Qe7 10. O-O Rd8
11. Qb3 Nbd7 12. e4 b6 13. Bg5 h6 14. Bh4 Bb7 15. f3 a5 16. bxa5 Nc5 17. Qxb6 Ra6 18. Qb4 Rda8 19. Nb5 Bc6 20. Bxf6 gxf6
21. Qc3 Kg7 22. Rfd1 Rd8 23. b4 Nb7 24. Nd4 Be8 25. b5 Raa8 26. Nb3 Rdc8 27. Qb4 Nc5 28. Nxc5 Rxc5 29. a6 Qa7 30. Kf1 Qb6
31. a7 Rxa7 32. Rxa7 Qxa7 33. Rxd6 Rc8 34. b6 Qb7 35. c5 Bc6 36. Bb5 Bxe4 37. fxe4 Qxe4 38. Qxe4
1-0

[Event "Summer Tournament 2014 "]
[Site "SchemingMind.com"]
[Date "2014.08.02"]
[Round "-"]
[White "Scooter"]
[Black "Transcendent"]
[Result "1-0"]
[WhiteCountry "USA"]
[BlackCountry "ENG"]
[WhiteElo "1752"]
[WhiteRD "44"]
[BlackElo "1570"]
[BlackRD "63"]
[GameID "362261"]

1. d4 d5 2. Nf3 Nf6 3. Bf4 c5 4. c3 Nc6 5. e3 Bf5 6. Bd3 Bxd3 7. Qxd3 e6 8. O-O Be7 9. Nbd2 O-O 10. e4 dxe4
11. Nxe4 cxd4 12. cxd4 Nd5 13. Bd2 Rc8 14. a3 Nf6 15. Nxf6+ Bxf6 16. Bc3 Qb6 17. Ne5 Nxe5 18. dxe5 Be7 19. Rac1 Rfd8 20. Qe4 Rd5
21. Bb4 Rxc1 22. Rxc1 Bxb4 23. Qxb4 Qd8 24. f4 h5 25. Qxb7 Rd1+ 26. Rxd1 Qxd1+ 27. Kf2 Qd2+ 28. Kg3 h4+ 29. Kxh4 Qxf4+ 30. Kh3 Qf5+
31. g4
1-0

[Event "Summer Tournament 2014 "]
[Site "SchemingMind.com"]
[Date "2014.08.02"]
[Round "-"]
[White "Transcendent"]
[Black "Scooter"]
[Result "0-1"]
[WhiteCountry "ENG"]
[BlackCountry "USA"]
[WhiteElo "1570"]
[WhiteRD "63"]
[BlackElo "1752"]
[BlackRD "44"]
[GameID "362262"]

1. d4 Nf6 2. c4 g6 3. g3 Bg7 4. Bg2 O-O 5. Nc3 d6 6. Nf3 Bg4 7. Nd2 c6 8. h3 Bd7 9. e4 e5 10. Nf3 Re8
11. O-O Qb6 12. d5 cxd5 13. Nxd5 Nxd5 14. cxd5 Bb5 15. Re1 Nd7 16. b3 a5 17. Be3 Nc5 18. Rc1 Rac8 19. Nd2 Qd8 20. Nc4 Bxc4
21. Rxc4 b5 22. Rc1 b4 23. Bxc5 Rxc5 24. Rxc5 dxc5 25. Qc2 Qd6 26. Rc1 Bf8 27. Qc4 Rc8 28. Kh2 Be7 29. Bf1 Qf6 30. Kg2 Qb6
0-1

[Event "Summer Tournament 2014 "]
[Site "SchemingMind.com"]
[Date "2014.08.02"]
[Round "-"]
[White "Transcendent"]
[Black "NYNH"]
[Result "0-1"]
[WhiteCountry "ENG"]
[BlackCountry "USA"]
[WhiteElo "1570"]
[WhiteRD "63"]
[BlackElo "2030"]
[BlackRD "73"]
[GameID "362263"]

1. d4 Nf6 2. c4 e6 3. Nf3 Bb4+ 4. Bd2 Qe7 5. g3 Nc6 6. Bg2 Bxd2+ 7. Qxd2 Ne4 8. Qc2 Qb4+ 9. Nfd2 Nxd2 10. Qxd2 Qxc4
11. Bxc6 bxc6 12. O-O O-O 13. Nc3 Ba6 14. b3 Qb4
0-1

[Event "Summer Tournament 2014 "]
[Site "SchemingMind.com"]
[Date "2014.08.02"]
[Round "-"]
[White "NYNH"]
[Black "Transcendent"]
[Result "1-0"]
[WhiteCountry "USA"]
[BlackCountry "ENG"]
[WhiteElo "2030"]
[WhiteRD "73"]
[BlackElo "1570"]
[BlackRD "63"]
[GameID "362264"]

1. d4 d5 2. Nf3 Nf6 3. c4 c6 4. e3 Bf5 5. Nc3 Nbd7 6. Be2 e6 7. Nh4 Bd6 8. Nxf5 exf5 9. Qc2 g6 10. cxd5 cxd5
11. Qb3 Nb6 12. Bb5+ Kf8 13. O-O
1-0

[Event "Summer Tournament 2014 "]
[Site "SchemingMind.com"]
[Date "2014.08.02"]
[Round "-"]
[White "Transcendent"]
[Black "fanfan_la_Tulipe"]
[Result "0-1"]
[WhiteCountry "ENG"]
[BlackCountry "AUT"]
[WhiteElo "1570"]
[WhiteRD "63"]
[BlackElo "2089"]
[BlackRD "72"]
[GameID "362265"]

1. d4 Nf6 2. c4 g6 3. g3 Bg7 4. Bg2 O-O 5. Nc3 d6 6. Nf3 Na6 7. a3 c6 8. O-O Bg4 9. Nd2 e5 10. h3 exd4
11. Nce4 Be6 12. b3 d5 13. Nxf6+ Bxf6 14. Bb2 dxc4 15. Nxc4 Qd7 16. Kh2 Rad8
0-1

[Event "Summer Tournament 2014 "]
[Site "SchemingMind.com"]
[Date "2014.08.02"]
[Round "-"]
[White "fanfan_la_Tulipe"]
[Black "Transcendent"]
[Result "1-0"]
[WhiteCountry "AUT"]
[BlackCountry "ENG"]
[WhiteElo "2089"]
[WhiteRD "72"]
[BlackElo "1570"]
[BlackRD "63"]
[GameID "362266"]

1. d4 d5 2. c4 c6 3. Nf3 Nf6 4. Nc3 dxc4 5. a4 Bf5 6. Ne5 Nbd7 7. Nxc4 e6 8. f3 Bg6 9. e4 Bb4 10. Bd3 O-O
11. O-O Qe7 12. Bg5 h6 13. Bh4 Rfd8 14. e5 Bxd3 15. Qxd3
1-0

[Event "Summer Tournament 2014 "]
[Site "SchemingMind.com"]
[Date "2014.08.01"]
[Round "-"]
[White "Scooter"]
[Black "Andrea Carra"]
[Result "0-1"]
[WhiteCountry "USA"]
[BlackCountry "ITA"]
[WhiteElo "1706"]
[WhiteRD "48"]
[BlackElo "2096"]
[BlackRD "129"]
[GameID "362430"]

1. d4 Nf6 2. Bf4 e6 3. Nf3 b6 4. e3 Bb7 5. Be2 Be7 6. O-O O-O 7. Nbd2 d5 8. h3 c5 9. c3 Nc6 10. Ne5 Bd6
11. Nxc6 Bxc6 12. Bxd6 Qxd6 13. Bf3 e5 14. dxe5 Qxe5 15. Re1 Rad8 16. Rb1 Ne4 17. Qc2 f5 18. Rbd1 Kh8 19. Nxe4 fxe4 20. Be2 Rf6
21. c4 d4 22. exd4 cxd4 23. f3 Qg3 24. fxe4 Rf2
0-1

[Event "Summer Tournament 2014 "]
[Site "SchemingMind.com"]
[Date "2014.08.01"]
[Round "-"]
[White "Andrea Carra"]
[Black "Scooter"]
[Result "1-0"]
[WhiteCountry "ITA"]
[BlackCountry "USA"]
[WhiteElo "2065"]
[WhiteRD "146"]
[BlackElo "1759"]
[BlackRD "45"]
[GameID "362431"]

1. d4 Nf6 2. Nf3 g6 3. Nbd2 Bg7 4. e4 d6 5. Bd3 Bg4 6. O-O O-O 7. h3 Bxf3 8. Nxf3 Nbd7 9. e5 dxe5 10. dxe5 Ne8
11. e6 fxe6 12. Qe2 e5 13. Bc4+ Kh8 14. Ng5 Nd6 15. Ne6
1-0

[Event "Summer Tournament 2014 "]
[Site "SchemingMind.com"]
[Date "2014.08.06"]
[Round "-"]
[White "Transcendent"]
[Black "Andrea Carra"]
[Result "0-1"]
[WhiteCountry "ENG"]
[BlackCountry "ITA"]
[WhiteElo "1583"]
[WhiteRD "66"]
[BlackElo "1991"]
[BlackRD "100"]
[GameID "362432"]

1. e4 e6 2. d4 d5 3. Nc3 Nf6 4. e5 Nfd7 5. f4 c5 6. Bb5 a6 7. Bxd7+ Bxd7 8. Nf3 Nc6 9. Be3 Qb6 10. Qd2 Nxd4
11. Nxd4 cxd4 12. Bxd4 Bc5 13. Bxc5 Qxc5 14. O-O-O O-O 15. g4 Bc6 16. Qd4 Qxd4 17. Rxd4 f6 18. exf6 Rxf6 19. Ne2 Re8 20. g5 Rff8
21. h4 e5 22. fxe5 Rxe5 23. Nc3 Ref5 24. Re1 Rf4
0-1

[Event "Summer Tournament 2014 "]
[Site "SchemingMind.com"]
[Date "2014.08.06"]
[Round "-"]
[White "Andrea Carra"]
[Black "Transcendent"]
[Result "1-0"]
[WhiteCountry "ITA"]
[BlackCountry "ENG"]
[WhiteElo "1991"]
[WhiteRD "100"]
[BlackElo "1583"]
[BlackRD "66"]
[GameID "362433"]

1. d4 d5 2. Nf3 Nf6 3. e3 Bf5 4. Bd3 e6 5. Nbd2 c5 6. Bxf5 exf5 7. b3 Nc6 8. Bb2 Bd6 9. O-O O-O 10. dxc5 Bxc5
11. Nd4 Nxd4 12. exd4 Bb6 13. Re1 Ne4 14. f3 Nxd2 15. Qxd2 Rc8 16. Qd3 Qd7 17. Re2 Rfe8 18. Rae1
1-0

[Event "Summer Tournament 2014 "]
[Site "SchemingMind.com"]
[Date "2014.08.01"]
[Round "-"]
[White "NYNH"]
[Black "Andrea Carra"]
[Result "1/2-1/2"]
[WhiteCountry "USA"]
[BlackCountry "ITA"]
[WhiteElo "2030"]
[WhiteRD "73"]
[BlackElo "2039"]
[BlackRD "103"]
[GameID "362434"]

1. d4 Nf6 2. c4 e6 3. g3 d5 4. Nf3 b6 5. cxd5 exd5 6. Bg2 Nbd7 7. O-O Bb7 8. Nc3 c6 9. Re1 Be7 10. Ne5 O-O
11. e4 dxe4 12. Nxe4 Nxe4 13. Bxe4 Nxe5 14. dxe5 Bb4 15. Qxd8 Raxd8 16. Bg5 f6 17. exf6 gxf6 18. Bh6 Rfe8 19. Re2 Ba6=
1/2-1/2

[Event "Summer Tournament 2014 "]
[Site "SchemingMind.com"]
[Date "2014.08.01"]
[Round "-"]
[White "Andrea Carra"]
[Black "NYNH"]
[Result "1-0"]
[WhiteCountry "ITA"]
[BlackCountry "USA"]
[WhiteElo "2039"]
[WhiteRD "103"]
[BlackElo "2030"]
[BlackRD "73"]
[GameID "362435"]

1. d4 Nf6 2. Nf3 e6 3. e3 c5 4. c3 b6 5. Bd3 Bb7 6. Nbd2 Nc6 7. O-O Be7 8. e4 d6 9. Re1 O-O 10. Nf1 a6
11. Ng3 b5 12. d5 exd5 13. exd5 Nxd5 14. Bxh7+ Kxh7 15. Qxd5 g6 16. Qd2 Rh8 17. Qd5 Kg7 18. Bf4 Na5 19. Qd3 Qd7 20. Ne5 Qc7
21. Nf3 Rad8 22. Re2 Bf6 23. Rae1 Qc6 24. Ne4 Be7 25. Neg5 Rhe8 26. Rxe7
1-0

[Event "Summer Tournament 2014 "]
[Site "SchemingMind.com"]
[Date "2014.08.02"]
[Round "-"]
[White "Andrea Carra"]
[Black "fanfan_la_Tulipe"]
[Result "0-1"]
[WhiteCountry "ITA"]
[BlackCountry "AUT"]
[WhiteElo "2039"]
[WhiteRD "103"]
[BlackElo "2089"]
[BlackRD "72"]
[GameID "362436"]

1. d4 Nf6 2. Nf3 g6 3. e3 Bg7 4. b3 c5 5. Bb2 O-O 6. Be2 Nc6 7. Nc3 cxd4 8. Nxd4 Nxd4 9. Qxd4 d5 10. O-O-O Ne4
11. Qxe4 dxe4 12. Rxd8 Rxd8 13. Nxe4 Bxb2+ 14. Kxb2 Bf5 15. Bf3 Rac8 16. Kc1 b5 17. Rd1 Rxd1+ 18. Kxd1 Bxe4 19. Bxe4 b4 20. Kc1 Kg7
21. Kb2 Kf6 22. c4 bxc3+ 23. Kc2 Ke5 24. Bd3 f5 25. f4+ Kd5 26. Bc4+ Rxc4
0-1

[Event "Summer Tournament 2014 "]
[Site "SchemingMind.com"]
[Date "2014.08.03"]
[Round "-"]
[White "fanfan_la_Tulipe"]
[Black "Andrea Carra"]
[Result "1-0"]
[WhiteCountry "AUT"]
[BlackCountry "ITA"]
[WhiteElo "2076"]
[WhiteRD "73"]
[BlackElo "1991"]
[BlackRD "100"]
[GameID "362437"]

1. d4 Nf6 2. c4 e6 3. Nc3 Bb4 4. e3 O-O 5. Ne2 d5 6. a3 Be7 7. cxd5 exd5 8. b4 c6 9. Ng3 Re8 10. Bd3 Nbd7
11. O-O Nf8 12. Nf5 Bxf5 13. Bxf5 Bd6 14. Qc2 Qc7 15. h3 Re7 16. Bb2 Ng6 17. Rac1 Rae8 18. b5 Nh4 19. Bd3 Qd7 20. bxc6 bxc6
21. Ne2 Ne4 22. Bxe4 Rxe4 23. Qxc6 Qe6 24. Ng3 Nf3+ 25. gxf3 Rh4 26. f4 Qxh3 27. Qxe8+ Bf8 28. Rfd1 Rg4 29. Rc8 h5 30. Qxf8+ Kh7
31. Qh8+ Kg6 32. f5+
1-0

[Event "Summer Tournament 2014 "]
[Site "SchemingMind.com"]
[Date "2014.08.01"]
[Round "-"]
[White "Scooter"]
[Black "Stephen Woodhouse"]
[Result "0-1"]
[WhiteCountry "USA"]
[BlackCountry "ENG"]
[WhiteElo "1759"]
[WhiteRD "45"]
[BlackElo "1835"]
[BlackRD "49"]
[GameID "362445"]

1. d4 e6 2. Nf3 f5 3. Bg5 Be7 4. Bxe7 Qxe7 5. c3 b6 6. Nbd2 Nf6 7. e3 Bb7 8. Be2 O-O 9. O-O d6 10. Qb3 Ne4
11. a4 a5 12. Bc4 d5 13. Bd3 Nd7 14. Bb5 Kh8 15. Bxd7 Qxd7 16. Nxe4 fxe4 17. Ne5 Qd6 18. Qc2 Ba6 19. Rfd1 c5 20. Qd2 Rf6
21. f4 exf3 22. Nxf3 Raf8 23. b3 h6 24. dxc5 bxc5 25. c4 Bb7 26. Rf1 Qc7 27. Qe2 dxc4 28. bxc4 Bxf3 29. Rxf3 Rxf3 30. gxf3 Rb8
31. Qd3 Rb4 32. Qe4 Qb6 33. h4 Rb2 34. Rd1 e5 35. Qa8+ Kh7 36. Qe4+ Qg6+ 37. Qxg6+ Kxg6 38. Rd5 Kh5 39. Rxe5+ Kxh4 40. Rxc5 Kg3
41. Kf1 Kxf3 42. Kg1 g5 43. Rxa5 g4 44. Rf5+ Kxe3 45. c5 Ra2 46. c6 Rxa4 47. Rc5 Ra8 48. c7 Rc8 49. Re5+ Kf4 50. Re7 Kg3
51. Rh7 h5 52. Rxh5 Rxc7 53. Kf1 Rc1+ 54. Ke2 Kg2 55. Rh7 g3 56. Rf7 Rc8 57. Rh7 Re8+ 58. Kd2 Kf2 59. Rf7+ Kg1 60. Rg7 g2
61. Rg6 Re5 62. Rh6 Kf2 63. Rf6+ Kg3 64. Rg6+ Kf3
0-1

[Event "Summer Tournament 2014 "]
[Site "SchemingMind.com"]
[Date "2014.08.01"]
[Round "-"]
[White "Stephen Woodhouse"]
[Black "Scooter"]
[Result "1-0"]
[WhiteCountry "ENG"]
[BlackCountry "USA"]
[WhiteElo "1835"]
[WhiteRD "49"]
[BlackElo "1759"]
[BlackRD "45"]
[GameID "362446"]

1. e4 c6 2. d4 d5 3. exd5 cxd5 4. c4 Nf6 5. Nc3 e6 6. Nf3 Be7 7. cxd5 Nxd5 8. Bd3 O-O 9. O-O a6 10. Re1 Nf6
11. Bc2 b5 12. Qd3 Bb7 13. d5 Bxd5 14. Bg5 Bc4 15. Qe3 h6 16. Bxf6 Bxf6 17. Qe4
1-0

[Event "Summer Tournament 2014 "]
[Site "SchemingMind.com"]
[Date "2014.08.06"]
[Round "-"]
[White "Transcendent"]
[Black "Stephen Woodhouse"]
[Result "0-1"]
[WhiteCountry "ENG"]
[BlackCountry "ENG"]
[WhiteElo "1614"]
[WhiteRD "67"]
[BlackElo "1838"]
[BlackRD "49"]
[GameID "362447"]

1. Nf3 e6 2. d4 f5 3. g3 Nf6 4. Bg2 d5 5. O-O c6 6. c4 Bd6 7. Nc3 O-O 8. Qc2 Ne4 9. Nd2 Nd7 10. f3 Nxc3
11. Qxc3 f4 12. b4 fxg3 13. hxg3 Bxg3 14. e4 Qh4 15. Rd1 Nf6 16. Qe3 Ng4 17. Qe2 Bf2+
0-1

[Event "Summer Tournament 2014 "]
[Site "SchemingMind.com"]
[Date "2014.08.06"]
[Round "-"]
[White "Stephen Woodhouse"]
[Black "Transcendent"]
[Result "1-0"]
[WhiteCountry "ENG"]
[BlackCountry "ENG"]
[WhiteElo "1811"]
[WhiteRD "48"]
[BlackElo "1570"]
[BlackRD "63"]
[GameID "362448"]

1. e4 e6 2. d4 d5 3. Nd2 Nf6 4. e5 Nfd7 5. Bd3 c5 6. c3 Nc6 7. Ne2 cxd4 8. cxd4 f6 9. exf6 Nxf6 10. O-O Bd6
11. Nf3 O-O 12. Bg5 Qb6 13. b3 Bd7 14. Rc1 Rac8 15. Bb1 Nb4 16. a3 Nc6 17. Qd3 Ne4 18. Bh4 Rf5 19. Ng3 Nxg3 20. Bxg3 Bxg3
21. hxg3 Rcf8 22. g4 Rf4 23. Qxh7+ Kf7 24. Bg6+ Ke7 25. Qxg7+ Kd8 26. Bf5 R4xf5 27. gxf5 Rxf5 28. Ng5 Qxd4 29. Nf7+ Kc7 30. Qxd4
1-0

[Event "Summer Tournament 2014 "]
[Site "SchemingMind.com"]
[Date "2014.08.02"]
[Round "-"]
[White "NYNH"]
[Black "Stephen Woodhouse"]
[Result "1/2-1/2"]
[WhiteCountry "USA"]
[BlackCountry "ENG"]
[WhiteElo "2060"]
[WhiteRD "77"]
[BlackElo "1838"]
[BlackRD "49"]
[GameID "362449"]

1. d4 e6 2. c4 f5 3. g3 Nf6 4. Bg2 d5 5. Nd2 c6 6. Ngf3 Bd6 7. O-O O-O 8. b3 Ne4 9. Bb2 Nd7 10. Qc2 Ndf6
11. Ne5 Nxd2 12. Qxd2 Bxe5 13. dxe5 Ne4 14. Qc2 Ng5 15. Rfd1 Bd7 16. f3 Rc8 17. e4 fxe4 18. fxe4 Qe7 19. exd5 cxd5 20. Qd2 Bc6
21. cxd5 Bxd5 22. Bxd5 exd5 23. Qxd5+ Qe6 24. Qxe6+ Nxe6 25. Rac1 Rfd8 26. Rxd8+ Rxd8 27. Rc2 Kf7 28. Kf2 Kg6 29. Ke3 Kf5 30. Rf2+ Kg6
31. Rd2 Kf5 32. Rxd8 Nxd8 33. Kd4 Ke6 34. Ke4 Nc6 35. Bc3 b5 36. Bd4 a6 37. h3 Nb4 38. a4 bxa4 39. bxa4 Nc6 40. Bc3 Ne7
41. g4 Nd5 42. Bd2 Nb6 43. a5 Nd7 44. Bc3 Nc5+ 45. Kf4 Nd3+ 46. Ke3=
1/2-1/2

[Event "Summer Tournament 2014 "]
[Site "SchemingMind.com"]
[Date "2014.08.02"]
[Round "-"]
[White "Stephen Woodhouse"]
[Black "NYNH"]
[Result "0-1"]
[WhiteCountry "ENG"]
[BlackCountry "USA"]
[WhiteElo "1838"]
[WhiteRD "49"]
[BlackElo "2060"]
[BlackRD "77"]
[GameID "362450"]

1. e4 c5 2. c3 d5 3. exd5 Qxd5 4. d4 g6 5. Nf3 Bg7 6. Be3 cxd4 7. cxd4 Nf6 8. Nc3 Qd8 9. Bc4 O-O 10. O-O a6
11. Rc1 b5 12. Be2 Bb7 13. Ne5 Nbd7 14. Bf3 Bxf3 15. Qxf3 Nb6 16. Rfd1 Rc8 17. Ne4 Nbd5 18. Rxc8 Qxc8 19. Rc1 Qd8 20. Ng4 Nxg4
21. Qxg4 f5 22. Qh4 fxe4 23. Qxe4 Nxe3 24. fxe3 Qd7 25. Rc6 a5 26. g3 Bh6 27. d5 Rf5
0-1

[Event "Summer Tournament 2014 "]
[Site "SchemingMind.com"]
[Date "2014.08.01"]
[Round "-"]
[White "Andrea Carra"]
[Black "Stephen Woodhouse"]
[Result "1-0"]
[WhiteCountry "ITA"]
[BlackCountry "ENG"]
[WhiteElo "2065"]
[WhiteRD "146"]
[BlackElo "1835"]
[BlackRD "49"]
[GameID "362451"]

1. d4 e6 2. Nf3 f5 3. g3 Nf6 4. Bg2 d5 5. O-O c6 6. Bf4 Bd6 7. e3 O-O 8. Nbd2 Ne4 9. Nxe4 fxe4 10. Ne5 Bxe5
11. Bxe5 Nd7 12. Bd6 Rf7 13. b3 b6 14. f3 exf3 15. Rxf3 Rxf3 16. Qxf3 Ba6 17. Bf1 Bxf1 18. Rxf1 Nf6 19. Be5 Ne4 20. Qf7+
1-0

[Event "Summer Tournament 2014 "]
[Site "SchemingMind.com"]
[Date "2014.08.01"]
[Round "-"]
[White "Stephen Woodhouse"]
[Black "Andrea Carra"]
[Result "0-1"]
[WhiteCountry "ENG"]
[BlackCountry "ITA"]
[WhiteElo "1838"]
[WhiteRD "49"]
[BlackElo "2096"]
[BlackRD "129"]
[GameID "362452"]

1. e4 e6 2. d4 d5 3. Nd2 Nf6 4. e5 Nfd7 5. Bd3 c5 6. c3 Nc6 7. Ne2 cxd4 8. cxd4 f6 9. exf6 Nxf6 10. O-O Bd6
11. Nf3 O-O 12. Bf4 Bxf4 13. Nxf4 Ne4 14. Nh5 g6 15. Ng3 Nxg3 16. hxg3 Qb6 17. Bc2 Qxb2 18. Re1 Nb4 19. Bb3 Bd7 20. Re2 Qa3
21. Ng5 Rfe8 22. Qe1 Qa6 23. Rc1 Nd3 24. Qd2 Nxc1
0-1

[Event "Summer Tournament 2014 "]
[Site "SchemingMind.com"]
[Date "2014.08.02"]
[Round "-"]
[White "fanfan_la_Tulipe"]
[Black "Stephen Woodhouse"]
[Result "1-0"]
[WhiteCountry "AUT"]
[BlackCountry "ENG"]
[WhiteElo "2038"]
[WhiteRD "70"]
[BlackElo "1835"]
[BlackRD "49"]
[GameID "362453"]

1. d4 e6 2. c4 f5 3. g3 Nf6 4. Bg2 d5 5. Nh3 c6 6. O-O Bd6 7. Qc2 O-O 8. Bf4 Be7 9. Nd2 Nh5 10. Nf3 Nxf4
11. Nxf4 Bd6 12. Nd3 Qf6 13. e3 Nd7 14. b4 g5 15. b5 dxc4 16. Qxc4 Nb6 17. Qb3 Bd7 18. bxc6 Bxc6 19. Nde5 Bxe5 20. Nxe5 Rac8
21. Bxc6 bxc6 22. a4 f4 23. a5 f3 24. axb6 axb6 25. Qxb6 Qh6 26. Ra7 g4 27. Qb7 Rb8 28. Qe7 Rbe8 29. Qh4
1-0

[Event "Summer Tournament 2014 "]
[Site "SchemingMind.com"]
[Date "2014.08.02"]
[Round "-"]
[White "Stephen Woodhouse"]
[Black "fanfan_la_Tulipe"]
[Result "1/2-1/2"]
[WhiteCountry "ENG"]
[BlackCountry "AUT"]
[WhiteElo "1835"]
[WhiteRD "49"]
[BlackElo "2038"]
[BlackRD "70"]
[GameID "362454"]

1. e4 c5 2. c3 Nf6 3. e5 Nd5 4. d4 cxd4 5. Nf3 Nc6 6. cxd4 d6 7. Bc4 Nb6 8. Bb5 dxe5 9. Nxe5 Bd7 10. Nxd7 Qxd7
11. Nc3 Rd8 12. O-O e6 13. Bg5 Be7 14. Bxe7 Qxe7 15. Qf3 O-O 16. Bxc6 bxc6 17. Qxc6 Rxd4 18. Rad1 Rfd8 19. Qf3=
1/2-1/2

[Event "Summer Tournament 2014 "]
[Site "SchemingMind.com"]
[Date "2014.08.02"]
[Round "-"]
[White "Scooter"]
[Black "greghghs"]
[Result "0-1"]
[WhiteCountry "USA"]
[BlackCountry "ENG"]
[WhiteElo "1759"]
[WhiteRD "45"]
[BlackElo "2055"]
[BlackRD "81"]
[GameID "362502"]

1. d4 Nf6 2. Nf3 g6 3. Bf4 Bg7 4. e3 b6 5. Be2 Bb7 6. Nbd2 O-O 7. O-O d6 8. h3 Nbd7 9. c4 c5 10. Rc1 Re8
11. d5 Nh5 12. Bh2 Bxb2 13. Rb1 Bg7 14. Ng5 Nhf6 15. Nge4 Nxe4 16. Nxe4 Nf6 17. Nxf6+ Bxf6 18. a4 Be5 19. Bxe5 dxe5 20. a5 Qd6
21. axb6 axb6 22. Qb3 Ra6 23. Rfd1 Rea8 24. e4 Bc8 25. Kf1 Bd7 26. Qb2 Ra2 27. Qxb6 Ba4 28. Re1 Bc2 29. Rb5 Rc8 30. Bg4 Bd3+
31. Kg1 f5 32. exf5 gxf5 33. Qb7 Rca8 34. Rb6 Qd8 35. Bh5 Ra1 36. Rxa1 Rxa1+ 37. Kh2 Bxc4 38. Re6 Bxd5 39. Rxe7 Bxb7
0-1

[Event "Summer Tournament 2014 "]
[Site "SchemingMind.com"]
[Date "2014.08.02"]
[Round "-"]
[White "greghghs"]
[Black "Scooter"]
[Result "1-0"]
[WhiteCountry "ENG"]
[BlackCountry "USA"]
[WhiteElo "2055"]
[WhiteRD "81"]
[BlackElo "1759"]
[BlackRD "45"]
[GameID "362503"]

1. e4 c6 2. d4 d5 3. e5 Bf5 4. Nf3 e6 5. Be2 Nd7 6. O-O h6 7. b3 c5 8. c4 dxc4 9. Bxc4 cxd4 10. Nxd4 Bxb1
11. Rxb1 Nxe5 12. Bb5+ Nd7 13. Nxe6 fxe6 14. Qh5+ Ke7 15. Ba3+ Kf6 16. Qf3+
1-0

[Event "Summer Tournament 2014 "]
[Site "SchemingMind.com"]
[Date "2014.08.07"]
[Round "-"]
[White "Transcendent"]
[Black "greghghs"]
[Result "0-1"]
[WhiteCountry "ENG"]
[BlackCountry "ENG"]
[WhiteElo "1570"]
[WhiteRD "63"]
[BlackElo "2120"]
[BlackRD "75"]
[GameID "362504"]

1. d4 d6 2. e4 Nf6 3. Nc3 g6 4. f4 Bg7 5. Nf3 c5 6. Bb5+ Bd7 7. dxc5 Bxb5 8. Nxb5 Qa5+ 9. Nc3 Nxe4 10. Bd2 Nxc3
11. bxc3 Qxc5 12. Rb1 b6 13. Rb3 Nc6 14. Qe2 Na5 15. Rb5 Qc4 16. Qxc4 Nxc4 17. Ke2 Nxd2 18. Nxd2 Bxc3 19. Ne4 Bg7 20. h4 Rc8
21. Kd3 O-O 22. h5 f5 23. Ng5 Rc3+
0-1